Statistics for 400 Well Known Movies By Cast

Click here to take the quiz!

General Stats

  • This quiz has been taken 11 times
  • The average score is 137 of 400

Answer Stats

CastMovie% Correct
Tobey Maguire, Willem Dafoe, Kirsten DunstSpider-Man
100%
Andrew Garfield, Emma Stone, Martin SheenThe Amazing Spider-Man
100%
Margot Robbie, Ryan Gosling, America FerreraBarbie
90%
Michael Keaton, Jack Nicholson, Kim BasingerBatman
90%
Sam Neill, Laura Dern, Jeff GoldblumJurassic Park
90%
George Clooney, Brad Pitt, Matt DamonOcean's Eleven
90%
Sylvester Stallone, Talia Shire, Carl WeathersRocky
90%
Mark Hamill, Carrie Fisher, Harrison FordStar Wars
90%
Robert Pattinson, Zoe Kravitz, Paul DanoThe Batman
90%
Al Pacino, Marlon Brando, Diane KeatonThe Godfather
90%
Nicolas Cage, Sean Connery, Ed HarrisThe Rock
90%
Sigourney Weaver, Harry Dean Stanton, Ian HolmAlien
80%
Bradley Cooper, Lady Gaga, Dave ChappelleA Star Is Born
80%
Edward Norton, Brad Pitt, Helena Bonham CarterFight Club
80%
Tom Hanks, Robin Wright, Gary SiniseForrest Gump
80%
Robert De Niro, Ray Liotta, Joe PesciGoodfellas
80%
Brad Pitt, Melanie Laurent, Christoph WaltzInglourious Basterds
80%
Robert Downey Jr., Jeff Bridges, Gwyneth PaltrowIron Man
80%
Cillian Murphy, Emily Blunt, Robert Downey Jr.Oppenheimer
80%
Robert De Niro, Jodie Foster, Harvey KeitelTaxi Driver
80%
Tom Hanks, Michael Clarke Duncan, Sam RockwellThe Green Mile
80%
Morgan Freeman, Tim Robbins, Clancy BrownThe Shawshank Redemption
80%
Linda Hamilton, Arnold Schwarzenegger, Michael BiehnThe Terminator
80%
Chris Hemsworth, Natalie Portman, Tom HiddlestonThor
80%
Tom Cruise, Val Kilmer, Meg RyanTop Gun
80%
Gal Gadot, Chris Pine, Robin WrightWonder Woman
80%
Hugh Jackman, Patrick Stewart, Famke JanssenX-Men
80%
Tom Cruise, Jack Nicholson, Demi MooreA Few Good Men
70%
Michael J. Fox, Christopher Lloyd, Lea ThompsonBack to the Future
70%
Natalie Portman, Mila Kunis, Winona RyderBlack Swan
70%
Robert De Niro, Sharon Stone, Joe PesciCasino
70%
Sylvester Stallone, Wesley Snipes, Sandra BullockDemolition Man
70%
Chris Pratt, Zoe Saldana, Dave BautistaGuardians of the Galaxy
70%
Macaulay Culkin, Joe Pesci, John CandyHome Alone
70%
Uma Thurman, David Carradine, Lucy LiuKill Bill
70%
Mel Gibson, Danny Glover, Gary BuseyLethal Weapon
70%
Leonardo DiCaprio, Brad Pitt, Margot RobbieOnce Upon a Time in Hollywood
70%
John Travolta, Samuel L. Jackson, Uma ThurmanPulp Fiction
70%
Harvey Keitel, Tim Roth, Steve BuscemiReservoir Dogs
70%
Brad Pitt, Morgan Freeman, Gwyneth PaltrowSeven
70%
Chiwetel Ejiofor, Lupita Nyong'o, Michael Fassbender12 Years a Slave
60%
Eminem, Brittany Murphy, Kim Basinger8 Mile
60%
Heather Langenkamp, Robert Englund, Johnny DeppA Nightmare on Elm Street
60%
Jason Momoa, Nicole Kidman, Willem DafoeAquaman
60%
Michael Douglas, Sharon Stone, Wayne KnightBasic Instinct
60%
Christian Bale, Michael Caine, Liam NeesonBatman Begins
60%
Michael Keaton, Winona Ryder, Alec BaldwinBeetlejuice
60%
Chadwick Boseman, Lupita Nyong'o, Michael B. JordanBlack Panther
60%
Scarlett Johansson, David Harbour, Olga KurylenkoBlack Widow
60%
Humphrey Bogart, Ingrid Bergman, Paul HenreidCasablanca
60%
Daniel Craig, Eva Green, Jeffrey WrightCasino Royale
60%
Cameron Diaz, Drew Barrymore, Lucy LiuCharlie's Angels
60%
William H. Macy, Frances McDormand, Steve BuscemiFargo
60%
Leonardo DiCaprio, Daniel Day Lewis, Cameron DiazGangs of New York
60%
Bill Murray, Dan Aykroyd, Sigourney WeaverGhostbusters
60%
Russell Crowe, Joaquin Phoenix, Djimon HounsouGladiator
60%
Christopher Lambert, Sean Connery, Clancy BrownHighlander
60%
Leonardo DiCaprio, Tom Hardy, Joseph Gordon-LevittInception
60%
Jack Nicholson, Louise Fletcher, Danny DeVitoOne Flew Over the Cuckoo's Nest
60%
Liam Neeson, Ben Kingsley, Ralph FiennesSchindler's List
60%
Keanu Reeves, Sandra Bullock, Dennis HopperSpeed
60%
Christopher Reeve, Gene Hackman, Marlon BrandoSuperman
60%
Jeff Bridges, John Goodman, Julianne MooreThe Big Lebowski
60%
Danny Glover, Whoopi Goldberg, Oprah WinfreyThe Color Purple
60%
Christian Bale, Anne Hathaway, Tom HardyThe Dark Knight Rises
60%
Juliette Binoche, Ralph Fiennes, Willem DafoeThe English Patient
60%
Jennifer Lawrence, Josh Hutcherson, Woody HarrelsonThe Hunger Games
60%
Geena Davis, Susan Sarandon, Harvey KeitelThelma & Louise
60%
Frances McDormand, Sam Rockwell, Woody HarrelsonThree Billboards Outside Ebbing, Missouri
60%
Tom Hanks, Tim Allen, R. Lee ErmeyToy Story
60%
Charlie Sheen, Michael Douglas, Daryl HannahWall Street
60%
Owen Wilson, Vince Vaughn, Christopher WalkenWedding Crashers
60%
Jack Nicholson, Michelle Pfeiffer, Christopher PlummerWolf
60%
Paul Rudd, Evangeline Lilly, Michael DouglasAnt-Man
50%
Martin Sheen, Robert Duvall, Marlon BrandoApocalypse Now
50%
Ben Affleck, Bryan Cranston, Alan ArkinArgo
50%
Ansel Elgort, Kevin Spacey, Lily JamesBaby Driver
50%
Michael Keaton, Michelle Pfeiffer, Danny DeVitoBatman Returns
50%
Michael Keaton, Emma Stone, Edward NortonBirdman
50%
Wesley Snipes, Kris Kristofferson, Udo KierBlade
50%
Chris Evans, Hayley Atwell, Hugo Weaving | Chris Evans, Hayley Atwell, Tommy Lee JonesCaptain America: The First Avenger
50%
Orson Welles, Joseph Cotten, Dorothy ComingoreCitizen Kane
50%
Michael B. Jordan, Sylvester Stallone, Tessa ThompsonCreed
50%
Antonio Banderas, Salma Hayek, Steve BuscemiDesperado
50%
Jamie Foxx, Christoph Waltz, Leonardo DiCaprioDjango Unchained
50%
Johnny Depp, Al Pacino, Michael MadsenDonnie Brasco
50%
Johnny Depp, Winona Ryder, Vincent PriceEdward Scissorhands
50%
Michelle Yeoh, Ke Huy Quan, James HongEverything, Everywhere All At Once
50%
Nicolas Cage, John Travolta, Joan AllenFace/Off
50%
George Clooney, Harvey Keitel, Quentin TarantinoFrom Dusk Till Dawn
50%
Pierce Brosnan, Sean Bean, Judi DenchGoldenEye
50%
Matt Damon, Robin Williams, Ben AffleckGood Will Hunting
50%
Simon Pegg, Nick Frost, Timothy DaltonHot Fuzz
50%
Matthew McConaughey, Anne Hathaway, Jessica ChastainInterstellar
50%
Daniel Craig, Ana de Armas, Chris EvansKnives Out
50%
Tom Hardy, Charlize Theron, Nicholas HoultMad Max: Fury Road
50%
Hilary Swank, Clint Eastwood, Morgan FreemanMillion Dollar Baby
50%
Daniel Craig, Rami Malek, Ana de ArmasNo Time To Die
50%
Arnold Schwarzenegger, Carl Weathers, Bill DukePredator
50%
Bruce Willis, Morgan Freeman, John MalkovichRED
50%
Matthew Lillard, Neve Campbell, Drew BarrymoreScream
50%
Bruce Willis, Jessica Alba, Rosario DawsonSin City
50%
Tom Hanks, Daryl Hannah, John CandySplash
50%
Chris Pine, Zachary Quinto, Simon PeggStar Trek
50%
Brandon Lee, Bai Ling, Ernie HudsonThe Crow
50%
Robert De Niro, Meryl Streep, Christopher WalkenThe Deer Hunter
50%
Sylvester Stallone, Jason Statham, Jet LiThe Expendables
50%
Robert De Niro, Al Pacino, Joe PesciThe Irishman
50%
Jack Nicholson, Shelley Duvall, Danny LloydThe Shining
50%
Bruce Willis, Haley Joel Osment, Toni ColletteThe Sixth Sense
50%
Jesse Eisenberg, Andrew Garfield, Justin TimberlakeThe Social Network
50%
Judy Garland, Frank Bolger, Jack HaleyThe Wizard of Oz
50%
Steve Martin, Martin Short, Chevy ChaseThree Amigos
50%
Tom Cruise, Miles Teller, Jennifer ConnellyTop Gun: Maverick
50%
Shia LaBeouf, Megan Fox, Hugo WeavingTransformers
50%
Arnold Schwarzenegger, Jamie Lee Curtis, Bill PaxtonTrue Lies
50%
Mike Myers, Dana Carvey, Alice CooperWayne's World
50%
Johnny Depp, Helena Bonham Carter, Anne HathawayAlice in Wonderland
40%
Sigourney Weaver, Lance Henriksen, Bill PaxtonAliens
40%
Christian Bale, Willem Dafoe, Reese WitherspoonAmerican Psycho
40%
Matthew McConaughey, Samuel L. Jackson, Sandra BullockA Time To Kill
40%
John Cusack, Cameron Diaz, John MalkovichBeing John Malkovich
40%
Warren Beatty, Faye Dunaway, Gene HackmanBonnie & Clyde
40%
Mark Wahlberg, Burt Reynolds, Julianne MooreBoogie Nights
40%
Audrey Hepburn, George Peppard, Buddy EbsenBreakfast At Tiffany's
40%
Sylvester Stallone, Harvey Keitel, Ray LiottaCop Land
40%
Ben Affleck, Jennifer Garner, Michael Clarke DuncanDaredevil
40%
Alan Rickman, Chris Rock, Salma HayekDogma
40%
Sean Connery, Ursula Andress, Joseph WisemanDr. No
40%
Dennis Hopper, Peter Fonda, Jack NicholsonEasy Rider
40%
Jim Carrey, Kate Winslet, Kirsten DunstEternal Sunshine of the Spotless Mind
40%
Matthew Modine, R. Lee Ermey, Vincent D'OnofrioFull Metal Jacket
40%
Ben Affleck, Rosamund Pike, Tyler PerryGone Girl
40%
Chris Pratt, Kurt Russell, Sylvester StalloneGuardians of the Galaxy vol. 2
40%
Al Pacino, Robert De Niro, Val KilmerHeat
40%
Will Smith, Jeff Goldblum, Vivica A. FoxIndependence Day
40%
Robert Downey Jr., Sam Rockwell, Mickey RourkeIron Man 2
40%
Robert Downey Jr., Ben Kingsley, Guy PearceIron Man 3
40%
Pam Grier, Robert Forster, Samuel L. JacksonJackie Brown
40%
Roy Schneider, Robert Shaw, Richard DreyfussJaws
40%
Keanu Reeves, Willem Dafoe, John LeguizamoJohn Wick
40%
Joaquin Phoenix, Robert De Niro, Zazie BeetzJoker
40%
Chris Pratt, Bryce Dallas Howard, Omar SyJurassic World
40%
Hugh Jackman, Patrick Stewart, Dafne KeenLogan
40%
Hugh Grant, Alan Rickman, Liam NeesonLove, Actually
40%
Henry Cavill, Amy Adams, Michael ShannonMan of Steel
40%
Will Smith, Tommy Lee Jones, Linda FiorentinoMen in Black
40%
Jesse Eisenberg, Isla Fisher, Dave FrancoNow You See Me
40%
Tom Berenger, Willem Dafoe, Charlie SheenPlatoon
40%
Emma Stone, Mark Ruffalo, Willem DafoePoor Things
40%
Anthony Perkins, Janet Leigh, Vera MilesPsycho
40%
Tom Cruise, Dustin Hoffman, Valeria GolinoRain Man
40%
Freddie Prinze Jr., Sarah Michelle Gellar, Matthew LillardScooby-Doo
40%
Johnny Depp, Christina Ricci, Casper Van DienSleepy Hollow
40%
Mark Wahlberg, Seth MacFarlane, Mila KunisTed
40%
Paul Newman, Tom Cruise, Forest WhitakerThe Color of Money
40%
Leonardo DiCaprio, Matt Damon, Jack NicholsonThe Departed
40%
Keanu Reeves, Al Pacino, Charlize TheronThe Devil's Advocate
40%
Bruce Willis, Milla Jovovich, Chris TuckerThe Fifth Element
40%
Harrison Ford, Tommy Lee Jones, Julianne MooreThe Fugitive
40%
Dustin Hoffman, Anne Bancroft, Katharine RossThe Graduate
40%
Forest Whitaker, James McAvoy, Kerry WashingtonThe Last King of Scotland
40%
Matt Damon, Jessic Chastain, Sean BeanThe Martian
40%
Christian Bale, Hugh Jackman, Michael CaineThe Prestige
40%
Gene Hackman, Anjelica Huston, Ben StillerThe Royal Tenenbaums
40%
Margot Robbie, Idris Elba, John CenaThe Suicide Squad
40%
Jack Nicholson, Cher, Michelle PfeifferThe Witches of Eastwick
40%
Mickey Rourke, Marisa Tomei, Evan Rachel WoodThe Wrestler
40%
Ben Stiller, Jack Black, Tom CruiseTropic Thunder
40%
Steven Seagal, Tommy Lee Jones, Gary BuseyUnder Siege
40%
James Stewart, Kim Novak, Henry JonesVertigo
40%
Tom Cruise, Dakota Fanning, Tim RobbinsWar of the Worlds
40%
James McAvoy, Michael Fassbender, Jennifer LawrenceX-Men: First Class
40%
Tom Hanks, Meg Ryan, Dave ChappelleYou've Got Mail
40%
Cillian Murphy, Naomie Harris, Brendan Gleeson28 Days Later
30%
Seth MacFarlane, Charlize Theron, Liam NeesonA Million Ways To Die in the West
30%
Tom Hanks, Kevin Bacon, Ed HarrisApollo 13
30%
Gary Oldman, Winona Ryder, Anthony HopkinsBram Stoker's Dracula
30%
Elizabetz Taylor, Paul Newman, Maggie PollittCat on a Hot Tin Roof
30%
Tom Hanks, Philip Seymour Hoffman, Julia RobertsCharlie Wilson's War
30%
Ryan Reynolds, Morena Baccarin, Gina CaranoDeadpool
30%
Warren Beatty, Madonna, Al PacinoDick Tracey
30%
Clint Eastwood, Andrew Robinson, Reni SantanoDirty Harry
30%
Tom Cruise, Emily Blunt, Bill PaxtonEdge of Tomorrow
30%
Daniel Kaluuya, Allison Williams, Bradley WhitfordGet Out
30%
Bruce Willis, James McAvoy, Samuel L. JacksonGlass
30%
Sandra Bullock, George Clooney, Ed HarrisGravity
30%
Adam Sandler, Selena Gomez, Andy SambergHotel Transylvania
30%
Asa Butterfield, Chloe Grace Moretz, Ben KingsleyHugo
30%
Will Smith, Alice Braga, Willow SmithI Am Legend
30%
Al Pacino, Robin Williams, Hilary SwankInsomnia
30%
Kevin Costner, Gary Oldman, Tommy Lee JonesJFK
30%
Jack Black, Naomi Watts, Adrien BrodyKing Kong
30%
Joseph Gordon-Levitt, Bruce Willis, Emily BluntLooper
30%
Ben Stiller, Robin Williams, Carla GuginoNight at the Museum
30%
Jake Gyllenhaal, Rene Russo, Riz AhmedNightcrawler
30%
Mark Wahlberg, Tim Roth, Michael Clarke DuncanPlanet of the Apes
30%
Harrison Ford, Karen Allen, Alfred MolinaRaiders of the Lost Ark
30%
Felicity Jones, Diego Luna, Donnie YenRogue One: A Star Wars Story
30%
Leonardo DiCaprio, Mark Ruffalo, Ben KingsleyShutter Island
30%
Emily Blunt, Benicio del Toro, Josh BrolinSicario
30%
Colin Farrell, Brendan Gleeson, Barry KeoghanThe Banshees of Inisherin
30%
Tom Hanks, Bruce Dern, Carrie FisherThe Burbs
30%
Sean Astin, Josh Brolin, Ke Huy QuanThe Goonies
30%
Ralph Fiennes, Tony Revolori, Jeff GoldblumThe Grand Budapest Hotel
30%
Benedict Cumberbatch, Keira Knightley, Mark StrongThe Imitation Game
30%
James Franco, Seth Rogen, Randall ParkThe Interview
30%
James Earl Jones, Jeremy Irons, Rowan AtkinsonThe Lion King
30%
Adam Sandler, Chris Rock, Burt ReynoldsThe Longest Yard
30%
Anya Taylor-Joy, Nicholas Hoult, Ralph FiennesThe Menu
30%
Tom Hanks, Meryl Streep, Bob OdenkirkThe Post
30%
Benedict Cumberbatch, Kirsten Dunst, Jesse PlemonsThe Power of the Dog
30%
Ryan Reynolds, Sandra Bullock, Betty WhiteThe Proposal
30%
Tommy Wiseau, Greg Sestero, Juliette DanielleThe Room
30%
Tom Hanks, Catherine Zeta-Jones, Stanley TucciThe Terminal
30%
Adam Sandler, Drew Barrymore, Christine TaylorThe Wedding Singer
30%
Brendan Fraser, Sadie Sink, Hong ChauThe Whale
30%
Chris Hemsworth, Cate Blanchett, Jeff GoldblumThor: Ragnarok
30%
Denzel Washington, Ethan Hawke, Eva MendesTraining Day
30%
Hailee Steinfeld, Jeff Bridges, Matt Damon | John Wayne, Robert Duvall, Dennis HopperTrue Grit
30%
Bruce Willis, Samuel L. Jackson, Robin WrightUnbreakable
30%
John Lennon, Paul McCartney, Ringo StarrYellow Submarine
30%
Edward Norton, Philip Seymour Hoffman, Rosario Dawson25th Hour
20%
Djimon Hounsou, Anthony Hopkins, Matthew McConaugheyAmistad
20%
Jennifer Lopez, Ice Cube, Owen WilsonAnaconda
20%
Sandra Bullock, Trevante Rhodes, John MalkovichBird Box
20%
Margot Robbie, Mary Elizabeth Winstead, Ewan McGregorBirds of Prey
20%
Ryan Gosling, Harrison Ford, Ana de ArmasBlade Runner 2049
20%
Charlize Theron, Nicole Kidman, Margot RobbieBombshell
20%
Tom Hanks, Mark Rylance, Jesse PlemonsBridge of Spies
20%
Warren Beatty, Annette Bening, Ben KingsleyBugsy
20%
Warren Beatty, Halle Berry, Don CheadleBulworth
20%
Virginia Madsen, Tony Todd, Xander BerkeleyCandyman
20%
Al Pacino, Sean Penn, John LeguizamoCarlito's Way
20%
Michael J. Fox, Sean Penn, John C. ReillyCasualties of War
20%
Sylvester Stallone, John Lithgow, Michael RookerCliffhanger
20%
Jamie Foxx, Tom Cruise, Jada Pinkett SmithCollateral
20%
Nicolas Cage, John Malkovich, John CusackCon Air
20%
Kurt Russell, Rosario Dawson, Mary Elizabeth WinsteadDeath Proof
20%
Bruce Willis, Samuel L. Jackson, Jeremy IronsDie Hard with a Vengeance
20%
George Clooney, Meryl Streep, Bill MurrayFantastic Mr. Fox
20%
Denzel Washington, Viola Davis, Mykelti WilliamsonFences
20%
Nicolas Cage, Eva Mendes, Sam ElliottGhost Rider
20%
Ryan Reynolds, Michael Clarke Duncan, Tim RobbinsGreen Lantern
20%
Jamie Lee Curtis, Donald Pleasance, Nick Castle | Malcolm McDowell, Sheri Moon Zombie, Tyler ManeHalloween
20%
Philip Baker Hall, John C. Reilly, Gwyneth PaltrowHard Eight
20%
Will Smith, Kevin James, Eva MendesHitch
20%
Adam Sandler, Queen Latifah, Robert DuvallHustle
20%
Clint Eastwood, John Malkovich, Rene RussoIn the Line of Fire
20%
Margot Robbie, Sebastian Stan, Julianne NicholsonI, Tonya
20%
Jason Mewes, Kevin Smith, Carrie FisherJay and Silent Bob Strike Back
20%
Rowan Atkinson, Natalie Imbruglia, John MalkovichJohnny English
20%
Dwayne Johnson, Emily Blunt, Jesse PlemonsJungle Cruise
20%
Wesley Snipes, Samuel L. Jackson, Halle BerryJungle Fever
20%
Adam Sandler, Jennifer Aniston, Nicole KidmanJust Go with It
20%
Tom Cruise, Cameron Diaz, Viola DavisKnight and Day
20%
Tom Hiddleston, Brie Larson, Samuel L. JacksonKong: Skull Island
20%
Jack Black, Dustin Hoffman, Angelina JolieKung Fu Panda
20%
Mel Gibson, Danny Glover, Jet LiLethal Weapon 4
20%
Danny Trejo, Michelle Rodriguez, Robert De NiroMachete
20%
Tom Cruise, Julianne Moore, Philip Seymour HoffmanMagnolia
20%
Adam Sandler, Jennifer Aniston, Luke EvansMurder Mystery
20%
Keanu Reeves, River Phoenix, Udo KierMy Own Private Idaho
20%
Thomasin McKenzie, Rufus Sewell, M. Night ShymalanOld
20%
Josh Brolin, Elizabeth Olsen, Samuel L. JacksonOldboy
20%
Antonio Banderas, Johnny Depp, Salma HayekOnce Upon a Time in Mexico
20%
Dustin Hoffman, Rene Russo, Morgan FreemanOutbreak
20%
George Clooney, Jennifer Lopez, Ving RhamesOut of Sight
20%
Rose McGowan, Freddy Rodriguez, Bruce WillisPlanet Terror
20%
Hugh Jackman, Jake Gyllenhaal, Terrence HowardPrisoners
20%
Nicolas Cage, Holly Hunter, John GoodmanRaising Arizona
20%
James Dean, Natalie Wood, Sal MineoRebel Without A Cause
20%
Sylvester Stallone, Mr. T, Hulk HoganRocky III
20%
Jet Li, Aaliyah, DMXRomeo Must Die
20%
Samuel L. Jackson, Christian Bale, Busta RhymesShaft
20%
Will Smith, Angelina Jolie, Martin ScorseseShark Tale
20%
Mel Gibson, Joaquin Phoenix, Abigail BreslinSigns
20%
Alden Ehrenreich, Emilia Clarke, Woody HarrelsonSolo: A Star Wars Story
20%
Jake Gyllenhaal, Forest Whitaker, Rachel McAdamsSouthpaw
20%
John David Washington, Robert Pattinson, Michael CaineTenet
20%
Mel Gibson, Michelle Pfeiffer, Kurt RussellTequila Sunrise
20%
Andrew Garfield, Jamie Foxx, Paul GiamattiThe Amazing Spider-Man 2
20%
Tom Hardy, Noomi Rapace, James GandolfiniThe Drop
20%
Robert Redford, Bruce Dern, Scott WilsonThe Great Gatsby
20%
Samuel L. Jackson, Jennifer Jason Leigh, Kurt RussellThe Hateful Eight
20%
Robert De Niro, Anne Hathaway, Rene RussoThe Intern
20%
Ewan McGregor, Scarlett Johansson, Michael Clarke DuncanThe Island
20%
Chris Pratt, Elizabeth Banks, Morgan FreemanThe Lego Movie
20%
Bill Murray, Owen Wilson, Cate BlanchettThe Life Aquatic with Steve Zissou
20%
Joaquin Phoenix, Philip Seymour Hoffman, Amy AdamsThe Master
20%
Sharon Stone, Gene Hackman, Russell CroweThe Quick and the Dead
20%
Kurt Russell, Keith David, T.K. CarterThe Thing
20%
Simon Pegg, Nick Frost, Pierce BrosnanThe World's End
20%
Jesse Eisenberg, Woody Harrelson, Emma StoneZombieland
20%
Mary Elizabeth Winstead, John Goodman, Bradley Cooper10 Cloverfield Lane
10%
John Cusack, Danny Glover, Woody Harrelson2012
10%
Carl Weathers, Sharon Stone, Bill DukeAction Jackson
10%
Brad Pitt, Tommy Lee Jones, Donald SutherlandAd Astra
10%
Harrison Ford, Gary Oldman, Glenn CloseAir Force One
10%
Dave Bautista, Nora Arnezeder, Matthias SchweighöferArmy of the Dead
10%
Matthias Schweighöfer, Nathalie Emmanuell, Ruby O. FeeArmy of Thieves
10%
Amy Adams, Jeremy Renner, Forest WhitakerArrival
10%
Jason Schwartzman, Scarlett Johansson, Tom HanksAsteroid City
10%
Charlize Theron, Sofia Boutella, John GoodmanAtomic Blonde
10%
Brad Pitt, Margot Robbie, Tobey MaguireBabylon
10%
Danny Trejo, Charles S. Dutton, Ron PerlmanBad Ass
10%
Adam Sandler, Guy Pearce, Richard GriffithsBedtime Stories
10%
Adam Sandler, Drew Barrymore, Terry CrewsBlended
10%
Kurt Russell, Patrick Wilson, Richard JenkinsBone Tomahawk
10%
Brad Pitt, Brian Tyree Henry, Sandra BullockBullet Train
10%
Jodie Foster, Kate Winslet, Christoph WaltzCarnage
10%
Sissy Spacek, John Travolta, Nancy AllenCarrie
10%
Bill Hader, Anna Faris, Mr. TCloudy with a Chance of Meatballs
10%
Viggo Mortensen, Lea Seydoux, Kristen StewartCrimes of the Future
10%
Johnny Depp, Michelle Pfeiffer, Helena Bonham CarterDark Shadows
10%
Matt Damon, Christoph Waltz, Kristen WiigDownsizing
10%
Mel Gibson, Vince Vaughn, Tory KittlesDragged Across Concrete
10%
Sylvester Stallone, Arnold Schwarzenegger, Sam NeillEscape Plan
10%
Kurt Russell, Halle Berry, Steven SeagalExecutive Decision
10%
Helen Mirren, Alan Rickman, Aaron PaulEye in the Sky
10%
Sean Connery, F. Murray Abraham, Anna PaquinFinding Forrester
10%
Denzel Washington, Don Cheadle, John GoodmanFlight
10%
50 Cent, Terrence Howard, Viola DavisGet Rich or Die Tryin'
10%
Sam Rockwell, Penelope Cruz, Nicolas CageG-Force
10%
Ice Cube, Jason Statham, Pam GrierGhosts of Mars
10%
Aaron Taylor-Johnson, Elizabeth Olsen, Bryan CranstonGodzilla
10%
Robert Pattinson, Benny Safdie, Jennifer Jason LeighGood Time
10%
Will Smith, Charlize Theron, Jason BatemanHancock
10%
Denzel Washington, Milla Jovovich, Rosario DawsonHe Got Game
10%
Andrew Robinson, Ashley Laurence, Doug BradleyHellraiser
10%
Zazie Beetz, Bill Duke, Zachary QuintoHigh Flying Bird
10%
Jodie Foster, Jeff Goldblum, Dave BautistaHotel Artemis
10%
Method Man, Redman, Mike EppsHow High
10%
Jay Baruchel, America Ferrera, Gerard ButlerHow to Train Your Dragon
10%
Laura Dern, Jeremy Irons, Naomi WattsInland Empire
10%
Denzel Washington, Jodie Foster, Willem DafoeInside Man
10%
Donald Sutherland, Jeff Goldblum, Leonard NimoyInvasion of the Body Snatchers
10%
Bryan Cranston, Scarlett Johansson, Edward NortonIsle of Dogs
10%
Arnold Schwarzenegger, Rita Wilson, Jake LloydJingle All the Way
10%
Anya Taylor-Joy, Thomasin McKenzie, Matt SmithLast Night in Soho
10%
Chuck Norris, David Carradine, Barbara CerreraLone Wolf McQuade
10%
Seth Rogen, Charlize Theron, O'Shea Jackson Jr.Long Shot
10%
Nicolas Cage, Andrea Riseborough, Bill DukeMandy
10%
Owen Wilson, Kathy Bates, Adrien BrodyMidnight in Paris
10%
Jessica Chastain, Idris Elba, Kevin CostnerMolly's Game
10%
Bruce Willis, Edward Norton, Frances McDormandMoonrise Kingdom
10%
Naomi Watts, Justin Theroux, Robert ForsterMulholland Dr.
10%
Annabeth Gish, Julia Roberts, Vincent D'OnofrioMystic Pizza
10%
Bob Odenkirk, Christopher Lloyd, RZANobody
10%
Daniel Kaluuya, Keke Palmer, Steven YeunNope
10%
Morgan Freeman, Gerard Butler, Aaron EckhartOlympus Has Fallen
10%
Jason Statham, Jennifer Lopez, Nick NolteParker
10%
Adam Sandler, Kevin James, Peter DinklagePixels
10%
Dwayne Johnson, Gary Oldman, Jessica BielPlanet 51
10%
Danny Glover, Gary Busey, Bill PaxtonPredator 2
10%
Adrien Brody, Alice Braga, Laurence FishburnePredators
10%
Ben Stiller, Winona Ryder, Ethan HawkeReality Bites
10%
Patrick Swayze, Lea Thompson, Charlie SheenRed Dawn
10%
Jesse Eisenberg, Anne Hathaway, Jamie FoxxRio
10%
Will Smith, Rosario Dawson, Woody HarrelsonSeven Pounds
10%
John Malkovich, Willem Dafoe, Udo KierShadow of the Vampire
10%
Kurt Russell, Meryl Streep, CherSilkwood
10%
James Marsden, Jim Carrey, Ben SchwartzSonic the Hedgehog
10%
Tobey Maguire, Thomas Haden Church, Topher GraceSpider-Man 3
10%
Owen Wilson, Ben Stiller, Snoop DoggStarsky & Hutch
10%
Michael Fassbender, Kate Winslet, Seth RogenSteve Jobs
10%
Julianne Moore, Alec Baldwin, Kristen StewartStill Alice
10%
Dave Grohl, Taylor Hawkins, Pat SmearStudio 666
10%
Sylvester Stallone, Kurt Russell, James HongTango & Cash
10%
Arnold Schwarzenegger, Michael Rooker, Robert DuvallThe 6th Day
10%
Suki Waterhouse, Jason Momoa, Keanu ReevesThe Bad Batch
10%
Denzel Washington, Mila Kunis, Gary OldmanThe Book of Eli
10%
Diego Luna, Zoe Saldana, Ice CubeThe Book of Life
10%
Robert De Niro, Leslie Mann, Harvey KeitelThe Comedian
10%
Owen Wilson, Adrien Brody, Jason SchwartzmanThe Darjeeling Limited
10%
Chuck Norris, Lee Marvin, Robert ForsterThe Delta Force
10%
George Clooney, Judy Greer, Robert ForsterThe Descendants
10%
James Franco, Dave Franco, Alison BrieThe Disaster Artist
10%
Mark Wahlberg, Zooey Deschanel, John LeguizamoThe Happening
10%
Matt Dillon, Bruno Ganz, Uma ThurmanThe House That Jack Built
10%
Meryl Streep, Gary Oldman, Antonio BanderasThe Laundromat
10%
Ben Stiller, Adam Sandler, Dustin HoffmanThe Meyerowitz Stories
10%
Thomas Jane, Alexa Davalos, Andre BraugherThe Mist
10%
George Clooney, Matt Damon, Bill MurrayThe Monuments Men
10%
Ryan Gosling, Russell Crowe, Kim BasingerThe Nice Guys
10%
Alexander Skarsgard, Anya Taylor-Joy, Nicole KidmanThe Northman
10%
Shia LaBeouf, Dakota Johnson, Zack GottsagenThe Peanut Butter Falcon
10%
Bryce Dallas Howard, Joaquin Phoenix, Adrien BrodyThe Village
10%
Robert De Niro, Uma Thurman, Christopher WalkenThe War with Grandpa
10%
George Clooney, Mark Wahlberg, Ice CubeThree Kings
10%
Tommy Lee Jones, Robert Downey Jr., Wesley SnipesU.S. Marshals
10%
Daniel Radcliffe, Evan Rachel Wood, Weird Al YankovicWeird: The Al Yankovic Story
10%
Jim Carrey, Zooey Deschanel, Bradley CooperYes Man
10%
Kevin James, Rosario Dawson, Donnie WahlbergZookeeper
10%
Adam Sandler, Kevin James, Jessica BielI Now Pronounce You Chuck and Laryry
0%
Jean-Claude Van Damme, Bolo Yeung, Forest WhitakerKickboxer
0%

Score Distribution

Percentile by Number Answered

Percent of People with Each Score

Your Score History

You have not taken this quiz